Šoltésove dni 2009 zborník príspevkov z odborného seminára, Budmerice, 3.-4.12.2009

Bibliographic Details
Corporate Author: Šoltésove dni Budmerice, Slovensko
Other Authors: Horváth, Peter, PaedDr., PhD (Compiler), Haverlíková, Viera (Compiler)
Format: Conference Proceeding Software eBook
Language:Slovak
Czech
PhysicalDescription:1 elektronický optický disk (CD-ROM) fareb. 12 cm
Vydané aj v tlačenej forme
Published: Bratislava Knižničné a edičné centrum FMFI UK 2012
ISBN:9788089186969 (elektronická kniha)
Edition:1. vyd.
Subjects:

MARC

LEADER 00000nam a2200000 a 4500
001 vtls010507229
003 SK-MaSNL
005 20260301214604.0
007 co cg auuua
008 130430s2012 xo | fs 100 0 slo
015 |a SNBS2014 
020 |a 9788089186969 (elektronická kniha) 
040 |a SNK  |b slo  |c SNK  |e AACR2 
041 0 |a slo  |a cze 
044 |a xo  |c SK 
072 7 |a 53  |x Fyzika  |2 konspekt 
072 7 |a 371  |x Školstvo (organizácia)  |2 konspekt 
080 |a 53  |2 2001 
080 |a 53:001.891.5  |2 2001 
080 |a 371.214  |2 2001 
080 |a (0.034.44)  |2 2001 
080 |a (062.534)  |2 2001 
111 2 |a Šoltésove dni  |n (16. :  |d 2009 :  |c Budmerice, Slovensko)  |9 158248 
245 1 0 |a Šoltésove dni 2009  |h elektronický zdroj  |b zborník príspevkov z odborného seminára, Budmerice, 3.-4.12.2009  |c zostavili: Peter Horváth, Viera Haverlíková 
250 |a 1. vyd. 
260 |a Bratislava  |b Knižničné a edičné centrum FMFI UK  |c 2012 
300 |a 1 elektronický optický disk (CD-ROM)  |b fareb.  |c 12 cm 
500 |a Názov z titulnej obrazovky 
504 |a Bibliogr. odkazy 
516 |a Textový dokument (zborník), súbor vo formáte pdf 
530 |a Vydané aj v tlačenej forme 
536 |a Seminár sa konal v rámci riešenia projektov APVV č. LPP-0251-09, "Prírodné vedy v školských vzdelávacích programoch" a KEGA č. 3/7075/09 "Komplexný program vzdelávania učiteľov pre reformu školstva vo fyzike s nadväznosťou na oblasť človek a príroda" 
538 |a Technické požiadavky: PDF prehliadač 
546 |a Text čiast. aj čes. 
650 0 7 |a fyzika  |2 SNKPH  |9 816 
650 0 7 |a fyzikálne pokusy  |2 SNKPH  |9 68156 
650 0 7 |a vzdelávacie programy  |2 SNKPH  |9 4069 
650 0 7 |a Physics  |2 SNKPHeng  |9 266045 
650 0 7 |a Physical experiments  |2 SNKPHeng  |9 333822 
650 0 7 |a Educational programs  |2 SNKPHeng  |9 314422 
655 7 |a elektronické zdroje  |2 SNKPH  |9 90954 
655 7 |a CD-ROM  |2 SNKPH  |9 70236 
655 7 |a zborníky konferencií  |2 SNKPH  |9 70153 
655 7 |a Electronic resources  |2 SNKPHeng  |9 175546 
655 7 |a Proceedings of conferences  |2 SNKPHeng  |9 265791 
700 1 |a Horváth, Peter,  |c PaedDr., PhD.  |4 com  |9 482907 
700 1 |a Haverlíková, Viera  |4 com  |9 333823 
710 2 |a Univerzita Komenského v Bratislave.  |b Fakulta matematiky, fyziky a informatiky  |4 pbl  |9 123895 
776 1 |t Šoltésove dni 2009  |w vtls010509707 
919 |a 978-80-89186-96-9 
958 |a NB 
999 |c 925239  |d 927169 
952 |a SNK  |b SNK  |y PREZ  |7 0  |p 17A1068525  |o snkSCDM 5649  |i snk2013/9844  |8 0  |0 0  |1 0  |4 0  |d 2013-04-30  |l 0  |r 2026-02-24 08:29:56  |w 2026-02-24